[Event "AUTO-ELITE-292"]
[Site "http://www.queenalice.com/game.php?id=540619"]
[Date "2009.2.15"]
[Round "1"]
[White "ljusti"]
[Black "serse"]
[Result "0-1"]
[WhiteElo "2300"]
[BlackElo "2458"]

1. d4 Nf6 2. Nf3 e6 3. Bf4 c5 4. e3 cxd4 5. exd4 Be7 6. c3 O-O 7. Nbd2 Nd5 8.
Bg3 f5 9. h3 d6 10. Bc4 f4 11. Bh2 Qe8 12. a4 Qh5 13. Bd3 Bd7 14. Qb3 b6 15. O-O
Nc6 16. Rfe1 Rac8 17. Qa3 Qh6 18. a5 bxa5 19. Nc4 Rb8 20. Nxa5 Nxa5 21. Qxa5
Rxb2 22. c4 Nf6 23. Bf5 exf5 24. Rxe7 Rb7 25. Qa6 Rb6 0-1

[Event "AUTO-ELITE-298"]
[Site "http://www.queenalice.com/game.php?id=547064"]
[Date "2009.2.26"]
[Round "1"]
[White "ljusti"]
[Black "Vonkinho"]
[Result "1-0"]
[WhiteElo "2299"]
[BlackElo "2166"]

1. e4 e5 2. Nf3 Nf6 3. Nxe5 d6 4. Nf3 Nxe4 5. Nc3 Nxc3 6. dxc3 Be7 7. Be3 Nd7 8.
Qd2 O-O 9. O-O-O a5 10. Bd3 Nc5 11. Bxc5 dxc5 12. Rhe1 Bf6 13. Qf4 h6 14. Bh7+
Kxh7 15. Rxd8 Bxd8 16. Qc4 b6 17. Qe4+ 1-0

[Event "AUTO-ELITE-298"]
[Site "http://www.queenalice.com/game.php?id=547065"]
[Date "2009.2.26"]
[Round "1"]
[White "Vonkinho"]
[Black "ljusti"]
[Result "1/2-1/2"]
[WhiteElo "2158"]
[BlackElo "2270"]

1. d4 Nf6 2. c4 g6 3. Nc3 d5 4. cxd5 Nxd5 5. e4 Nxc3 6. bxc3 Bg7 7. Bc4 O-O 8.
Ne2 c5 9. O-O Nc6 10. Be3 Qc7 11. Rc1 Rd8 12. Qd2 Qa5 13. Rfd1 Ne5 14. Bd5 e6
15. Bb3 c4 16. Bc2 Ng4 17. Bg5 f6 18. Bh4 Bh6 19. f4 Qh5 20. Bg3 f5 21. Rb1 b6
22. Rb4 Ba6 23. Ra4 Bb5 24. Rb4 Ba6 25. Ra4 Bb5 1/2-1/2

[Event "AUTO-ELITE-298"]
[Site "http://www.queenalice.com/game.php?id=547066"]
[Date "2009.2.26"]
[Round "1"]
[White "ljusti"]
[Black "CarlosOlivas"]
[Result "0-1"]
[WhiteElo "2295"]
[BlackElo "2339"]

1. e4 e6 2. d3 Nc6 3. Nf3 d5 4. Nbd2 Nf6 5. Qe2 e5 6. c3 Be6 7. exd5 Qxd5 8. Nc4
Bc5 9. b4 Bb6 10. Ne3 Qd6 0-1

[Event "AUTO-ELITE-298"]
[Site "http://www.queenalice.com/game.php?id=547067"]
[Date "2009.2.26"]
[Round "1"]
[White "CarlosOlivas"]
[Black "ljusti"]
[Result "1-0"]
[WhiteElo "2352"]
[BlackElo "2277"]

1. d4 Nf6 2. Nf3 e6 3. g3 c5 4. Bg2 cxd4 5. Nxd4 Qb6 6. O-O Nc6 7. Nb3 d5 8. Be3
Qd8 9. Qd2 Ng4 10. Rd1 Be7 11. Bc5 Bxc5 12. Nxc5 1-0

[Event "Challenge"]
[Site "http://www.queenalice.com/game.php?id=559834"]
[Date "2009.3.22"]
[Round "-"]
[White "ljusti"]
[Black "Bergman"]
[Result "0-1"]
[WhiteElo "2305"]
[BlackElo "2573"]

1. e4 c5 2. Nc3 Nc6 3. Bb5 Nd4 4. f4 g6 5. Nf3 Bg7 6. O-O a6 7. Bc4 b5 8. Bd5
Rb8 9. e5 e6 10. Be4 f5 0-1

[Event "AUTO-ADV-1175"]
[Site "http://www.queenalice.com/game.php?id=566462"]
[Date "2009.4.3"]
[Round "2"]
[White "ljusti"]
[Black "nemeth"]
[Result "1-0"]
[WhiteElo "2216"]
[BlackElo "2124"]

1. e4 c5 2. Nc3 Nc6 3. Bb5 g6 4. Bxc6 bxc6 5. f4 d5 6. d3 Bg7 7. Nf3 Bg4 8. O-O
Nf6 9. e5 Nd7 10. Qe1 h5 11. h3 Bf5 12. Ne2 e6 13. Bd2 a5 14. b3 a4 15. Nc3 axb3
16. axb3 O-O 17. Qe2 Qb6 18. Kh1 Qb7 19. Nh2 c4 20. bxc4 dxc4 21. g4 hxg4 22.
hxg4 c5+ 23. Kg1 cxd3 24. cxd3 c4 25. gxf5 cxd3 26. Qxd3 exf5 27. Nf3 Nc5 28.
Qd5 Qxd5 29. Nxd5 Rxa1 30. Rxa1 Nb3 31. Ra2 Rd8 32. Ne7+ Kf8 33. Bb4 1-0

[Event "AUTO-ADV-1175"]
[Site "http://www.queenalice.com/game.php?id=566463"]
[Date "2009.4.3"]
[Round "2"]
[White "nemeth"]
[Black "ljusti"]
[Result "1-0"]
[WhiteElo "1989"]
[BlackElo "2235"]

1. e4 c5 2. f4 d5 3. exd5 Qxd5 4. Nc3 Qd8 5. Nf3 Nf6 6. Bc4 e6 7. O-O Be7 8. d3
O-O 9. Be3 Nd5 10. Bxd5 exd5 11. Bf2 d4 12. Ne4 b6 13. Nfd2 Bb7 14. f5 f6 15.
Bg3 Nc6 16. a3 Qd5 17. Qg4 Ne5 18. Bxe5 Qxe5 19. Nc4 Qc7 20. Ncd2 b5 21. h4 Kh8
22. Rf3 1-0

[Event "AUTO-MASTER-714"]
[Site "http://www.queenalice.com/game.php?id=607572"]
[Date "2009.6.23"]
[Round "2"]
[White "ljusti"]
[Black "HokZ157"]
[Result "0-1"]
[WhiteElo "2166"]
[BlackElo "2023"]

1. e4 Nf6 2. e5 Nd5 3. Nc3 c6 4. Bc4 e6 5. Qg4 Be7 6. Qxg7 Rf8 7. d4 b5 8. Bxd5
cxd5 9. Bh6 Nc6 10. Nf3 Qb6 11. O-O-O a5 12. Qxh7 b4 13. Na4 Qb5 14. b3 Ba6 15.
Bxf8 Bxf8 0-1

[Event "AUTO-MASTER-714"]
[Site "http://www.queenalice.com/game.php?id=607573"]
[Date "2009.6.23"]
[Round "2"]
[White "HokZ157"]
[Black "ljusti"]
[Result "1-0"]
[WhiteElo "2034"]
[BlackElo "2196"]

1. f3 d5 2. Kf2 e5 3. e3 Nf6 4. Ne2 c5 5. c3 Nc6 6. Ng3 Be7 7. Bb5 O-O 8. Qc2 a6
9. Ba4 d4 10. Bxc6 bxc6 11. Re1 d3 12. Qa4 Qc7 13. Na3 1-0

[Event "Challenge"]
[Site "http://www.queenalice.com/game.php?id=607985"]
[Date "2009.6.23"]
[Round "-"]
[White "ljusti"]
[Black "Diemerlin"]
[Result "0-1"]
[WhiteElo "2150"]
[BlackElo "2169"]

1. e4 e6 2. d3 d5 3. Nd2 Nf6 4. Ngf3 c5 5. g3 Nc6 6. Bg2 b5 7. O-O Be7 8. Re1
Bb7 9. e5 Nd7 10. Nf1 a5 0-1

[Event "Challenge"]
[Site "http://www.queenalice.com/game.php?id=615623"]
[Date "2009.7.9"]
[Round "-"]
[White "ljusti"]
[Black "fernando1971"]
[Result "0-1"]
[WhiteElo "2223"]
[BlackElo "2323"]

1. e4 e5 2. Nf3 Nf6 3. Nxe5 Qe7 4. Nf3 Qxe4+ 5. Be2 d5 6. Nc3 Qb4 7. d4 Bd6 8.
O-O c6 9. Ne5 O-O 10. a3 Qb6 11. Bg5 Nfd7 0-1